Financial markets and institutions/ (Record no. 171332)

MARC details
000 -LEADER
fixed length control field 00622nam a22001937a 4500
005 - DATE AND TIME OF LATEST TRANSACTION
control field 20200110120921.0
010 ## - LCCN (DPL NO)
LC control number ENG-127342
020 ## - INTERNATIONAL STANDARD BOOK NUMBER
International Standard Book Number 9789353164638
Terms of availability 895.00
035 ## - SYSTEM CONTROL NUMBER
System control number EN-110873
037 ## - SOURCE OF ACQUISITION
Source of stock number/acquisition DBAD/PUB
082 ## - DEWEY DECIMAL CLASSIFICATION NUMBER
Classification number 332
100 ## - MAIN ENTRY--PERSONAL NAME
Personal name Saunders,Anthony
245 ## - TITLE STATEMENT
Title Financial markets and institutions/
Statement of responsibility, etc by Anthony Saunders[and] Marcia Millon Cornett
260 ## - PUBLICATION, DISTRIBUTION, ETC. (IMPRINT)
Place of publication, distribution, etc Chennai
Name of publisher, distributor, etc McGraw Hill Education
Date of publication, distribution, etc 2018
270 ## - ADDRESS
Address 444/1,Sri Ekambara Naicker Industrial Estate,Alapakkam,Porur
City Chennai
Postal code 600116
300 ## - PHYSICAL DESCRIPTION
Extent 744p.
Dimensions 28cm(pbk)
500 ## - GENERAL NOTE
General note includes index.
942 ## - ADDED ENTRY ELEMENTS (KOHA)
Source of classification or shelving scheme Dewey Decimal Classification
Item type English Books
Classification part 332
Call number suffix SAU
Holdings
Withdrawn status Lost status Not for loan Collection code Home library Current library Date acquired Source of acquisition Cost, normal purchase price Full call number Barcode Copy number Cost, replacement price Koha item type
      Non-fiction D.B.Act.Division Mobile Library 10/01/2020 DBAD/PUB 895.00 332 SAU EN-110874 1 895.00 English Books

© Delhi Public Library
Hit Counter
free hit counter